000 00429nam a2200169Ia 4500
003 GCL
008 140319s9999 xx 000 0 ara d
040 _aGCL /
_cGCL
082 0 4 _a227
_bا ت
245 1 0 _aالتفسير القيم
260 _a[S.N] :
_bدار الكتب العلمية للنشر والتوزيع
300 _a631
490 _a
650 0 4 _aالاسلام
650 0 4 _aالقران
942 _2ddc
_cBK
999 _c54188
_d54188